000
00336nam a2200133Ia 4500
008
240624s9999 xx 000 0 und d
041
_a
eng
082
_a
823 BUR
100
_a
BURNETT FRANCES HODGSON
245
_a
SECRET GARDEN
260
_c
2010
_a
New Delhi
_b
Harper Collins
300
_a
vii, : 270 : p. : cm. ; 18
365
_c
RS
_b
25
999
_c
18700
_d
18700